Normal view
MARC view
Entry Nombre personal
001 - NÚMERO DE CONTROL
- campo de control: 132811
003 - IDENTIFICADOR DE NÚMERO DE CONTROL
- campo de control: SpMaBN
005 - FECHA Y HORA DE LA ÚLTIMA TRANSACCIÓN
- campo de control: 20250724031054.0
008 - ELEMENTOS DE DATO DE LONGITUD-FIJA
- campo de control de longitud fija: 170726n|#azznnaabn |n aac ##
040 ## - FUENTE DE CATALOGACIÓN
- Centro catalogador/agencia de origen: SpMaBN
- Lengua de catalogación: spa
- Centro/agencia transcriptor: SpMaBN
- Normas de descripción: rdc
- Convención/Normas de encabezamiento de materia/tesauro: embne
046 ## - FECHAS CON CODIFICACIÓN ESPECIAL
- Fecha de nacimiento: -638
- Fecha de la muerte: -558
100 1# - ENCABEZAMIENTO-NOMBRE DE PERSONA
- Nombre de persona: Solón de Atenas,
- Fechas asociadas al nombre: ca. 638-558 a.C.
670 ## - FUENTE DE DATOS ENCONTRADOS
- Cita de la fuente: [Políticos griegos], 1835
